[Event "5th Sinquefield Cup 2017"]
[Site "Saint Louis USA"]
[Date "2017.08.09"]
[Round "7.3"]
[White "Nakamura,Hi"]
[Black "Aronian,L"]
[Result "0-1"]
[WhiteElo "2792"]
[BlackElo "2809"]

1.c4 Nf6 2.Nc3 e5 3.Nf3 Nc6 4.g3 Bb4 5.Bg2 O-O 6.O-O e4 7.Ng5 Bxc3 8.bxc3 Re8
9.f3 e3 10.d3 d5 11.Qa4 h6 12.cxd5 Nxd5 13.Ne4 f5 14.Nc5 f4 15.Ne4 Rb8 16.Qa3 Re6
17.c4 Nde7 18.Bb2 Nf5 19.d4 Ncxd4 20.Bxd4 Nxd4 21.Qxa7 Nc6 22.Qa3 Qf8 23.Qxf8+ Kxf8
24.Rfd1 g5 25.Nc3 Re7 26.Nd5 Rf7 27.h4 Ra8 28.a4 Na5 29.gxf4 gxf4 30.Kh2 Nxc4
31.Rac1 Nd2 32.Nxc7 Rxa4 33.Bh3 Nxf3+ 34.exf3 Ra2+ 35.Bg2 Rg7 36.Rg1 Rg3
37.Kh1 Bh3 38.Bf1 e2 39.Bxe2 Rxe2 40.Nd5 Rxf3 41.Rg6 Re6 42.Rcg1 Rxg6 43.Rxg6 Bd7
44.Kg2 Rg3+ 45.Rxg3 fxg3 46.Kxg3 Kf7 47.Kf4 Ke6 48.Nb4 Be8 49.Nd3 Kd5 50.Nf2 Bd7
51.Ke3 Ke5 52.Ne4 Bc6 53.Ng3 Bd5 54.Kd3 Kf4  0-1

[Event "5th Sinquefield Cup 2017"]
[Site "Saint Louis USA"]
[Date "2017.08.10"]
[Round "8.4"]
[White "Caruana,F"]
[Black "Nakamura,Hi"]
[Result "1/2-1/2"]
[WhiteElo "2807"]
[BlackElo "2792"]

1.d4 Nf6 2.c4 g6 3.Nc3 Bg7 4.e4 d6 5.h3 O-O 6.Bg5 c6 7.Nf3 d5 8.cxd5 cxd5
9.Bxf6 exf6 10.exd5 b6 11.Be2 Na6 12.O-O Nc7 13.Qb3 Bb7 14.Bc4 Rb8 15.a4 a6
16.Rfe1 b5 17.axb5 axb5 18.Bd3 b4 19.Ne4 f5 20.Ned2 Nxd5 21.Bc4 Nb6 22.Qxb4 Nxc4
23.Qxc4 Bd5 24.Qc3 Qb6 25.b3 Rfd8 26.Rac1 Bh6 27.Rc2 Qb7 28.Qd3 Qa8 29.Qf1 Qb7
30.Rc5 Qb4 31.Rc2 Ra8 32.Rd1 Qb7 33.Re1 Rd6 34.Rc5 Ra2 35.Re8+ Kg7 36.Qe1 Bf4
37.g3 Bxf3 38.gxf4 Be4 39.Nxe4 fxe4 40.Qc3 Qa6 41.d5+ Kh6 42.Rg8 Ra1+ 43.Kh2 Rh1+
44.Kxh1 Qf1+ 45.Kh2 Qxf2+ 46.Kh1 Qf1+ 47.Kh2 Qf2+ 48.Kh1 Qf1+  1/2-1/2

[Event "5th Sinquefield Cup 2017"]
[Site "Saint Louis USA"]
[Date "2017.08.11"]
[Round "9.4"]
[White "Nakamura,Hi"]
[Black "Karjakin,Sergey"]
[Result "1/2-1/2"]
[WhiteElo "2792"]
[BlackElo "2773"]

1.c4 Nf6 2.Nc3 e5 3.Nf3 Nc6 4.g3 d5 5.cxd5 Nxd5 6.Bg2 Bc5 7.O-O O-O 8.Nxd5 Qxd5
9.d3 Bb6 10.b4 e4 11.Ng5 Qd4 12.Be3 Qxb4 13.Nxe4 Bg4 14.h3 Bh5 15.Rb1 Qe7
16.Qd2 Rad8 17.Nc3 f6 18.Nd5 Qd7 19.Rfc1 Bf7 20.Bxb6 axb6 21.Nb4 Nd4 22.Nc2 Nc6
23.Nb4 Nd4 24.e3 Nf5 25.d4 c5 26.Nc2 cxd4 27.Nxd4 Nxd4 28.exd4 Qxd4 29.Qxd4 Rxd4
30.Rxb6 Bxa2 31.Rxb7 Rdd8 32.Ra7 Be6 33.Re7 Rfe8 34.Rxe8+ Rxe8  1/2-1/2

[Event "Saint Louis Rapid 2017"]
[Site "Saint Louis USA"]
[Date "2017.08.14"]
[Round "1.2"]
[White "Anand,V"]
[Black "Nakamura,Hi"]
[Result "0-1"]
[WhiteElo "2783"]
[BlackElo "2792"]

1.e4 e5 2.Nf3 Nc6 3.Bc4 Bc5 4.O-O Nf6 5.d3 d6 6.c3 a6 7.a4 O-O 8.h3 Ba7 9.Re1 b5
10.Bb3 h6 11.Nbd2 b4 12.a5 Rb8 13.Nf1 Be6 14.Bc2 b3 15.Bb1 d5 16.exd5 Qxd5
17.Be3 Bxe3 18.Nxe3 Qd6 19.Ra4 Rb5 20.Nc4 Bxc4 21.Rxc4 Nxa5 22.Ra4 Re8 23.d4 e4
24.Ne5 Nb7 25.c4 Ra5 26.c5 Qd5 27.Rb4 Nxc5 28.Nc4 Ra4 29.Ne3 Qe6 30.Qd2 Rxb4
31.Qxb4 Ncd7 32.Rc1 Rb8 33.Qa5 Qd6 34.Rc4 g6 35.Qxc7 Qxc7 36.Rxc7 Nb6 37.Kf1 Na4
38.Ke2 Nxb2 39.Rc6 Kg7 40.Rxa6 Nd3 41.Nc4 Nf4+ 42.Kd2 Rb4 43.Ne5 Rxd4+ 44.Ke3 Rd1
45.Kxf4 Rxb1 46.Ra7 e3  0-1

[Event "Saint Louis Rapid 2017"]
[Site "Saint Louis USA"]
[Date "2017.08.14"]
[Round "2.1"]
[White "Nakamura,Hi"]
[Black "Kasparov,G"]
[Result "1/2-1/2"]
[WhiteElo "2792"]
[BlackElo "2812"]

1.d4 Nf6 2.c4 g6 3.Nc3 d5 4.Bg5 Bg7 5.Bxf6 Bxf6 6.cxd5 c6 7.e4 O-O 8.Nf3 cxd5
9.e5 Bg7 10.Qd2 Nc6 11.Bb5 Bg4 12.Ng1 f6 13.h3 Be6 14.exf6 Rxf6 15.Bxc6 bxc6
16.Nge2 Qd6 17.O-O Raf8 18.Rae1 Bc8 19.Na4 e5 20.dxe5 Qxe5 21.b4 Re6 22.Nc5 Ree8
23.Nb3 Qb2 24.Qxb2 Bxb2 25.Ned4 Rxe1 26.Rxe1 Bd7 27.Re2 Bc3 28.Rc2 Bxb4 29.Nxc6 Bd6
30.Nxa7 Re8 31.g4 h5 32.f3 Re1+ 33.Kg2 Kf7 34.Nc6 h4 35.Ncd4 Rd1 36.Rd2 Rxd2+
37.Nxd2 Kf6 38.Kf2 Ke5 39.Ke3 g5 40.f4+ gxf4+ 41.Kd3 Be7 42.N2f3+ Kd6 43.Nf5+ Bxf5+
44.gxf5 Kc5 45.Nd4 Kd6 46.a4 Bd8 47.Ne6 Bb6 48.Nxf4 Ke5 49.f6 Bc5 50.f7 Kf6
51.Nxd5+ Kxf7 52.Ke4 Ke6 53.Nf4+ Kd6 54.Ng2 Bf2 55.Kf3 Bg3 56.Kg4 Kc5 57.Nxh4 Bf2
58.Nf5 Kb4 59.Ng3 Kxa4 60.h4 Kb5 61.h5 Be3 62.Ne4 Kc6 63.Ng5 Kd7 64.h6 Ke7
65.h7 Bd4 66.Kf5 Ba1 67.Kg6 Bb2 68.Nf7 Ba1 69.Nh6 Bh8 70.Ng4 Ba1 71.Ne3 Bh8
72.Nd5+ Ke6 73.Nf4+ Ke7 74.Nh3 Ke6 75.Ng5+ Ke7 76.Nf7 Ba1 77.h8=Q Bxh8  1/2-1/2

[Event "Saint Louis Rapid 2017"]
[Site "Saint Louis USA"]
[Date "2017.08.14"]
[Round "3.3"]
[White "Le Quang Liem"]
[Black "Nakamura,Hi"]
[Result "1-0"]
[WhiteElo "2739"]
[BlackElo "2792"]

1.d4 Nf6 2.c4 e6 3.Nf3 d5 4.g3 Bb4+ 5.Bd2 Be7 6.Bg2 O-O 7.O-O Nbd7 8.Qc2 Ne4
9.Bf4 c6 10.Nc3 g5 11.Bc1 f5 12.b3 b6 13.Bb2 Bb7 14.Rad1 Qe8 15.Ne5 Nxe5
16.dxe5 Nxc3 17.Qxc3 Rc8 18.e3 Qg6 19.Qc1 Qg7 20.f4 gxf4 21.gxf4 Kh8 22.Kh1 Rg8
23.Bf3 Qh6 24.Ba3 Bxa3 25.Qxa3 Rg7 26.Qb2 Rcg8 27.Rg1 Qh4 28.Rxg7 Rxg7 29.Qd2 Ba6
30.cxd5 cxd5 31.Rg1 Rc7 32.Qg2 Qd8 33.Qh3 Rg7 34.Qh6 Rxg1+ 35.Kxg1 d4 36.Qxe6 dxe3
37.Qd6 Qg8+ 38.Bg2 Qg4 39.e6 e2 40.Qe5+ Qg7 41.Kf2 Qxe5 42.fxe5 Kg7 43.Bf3 Kf8
44.Bxe2 Bc8 45.Bc4 Ke7 46.Ke3 Bb7 47.Bd3 h6 48.Bxf5 Bc6 49.b4 Bd5 50.a3 Bb3
51.Bg4 Ba4 52.Kf4 Bc2 53.Kg3 Bd3 54.Kh4 Bg6 55.Bh5 Bc2 56.Bg4 Bg6 57.Kg3 Bc2
58.Kf4 Bd3 59.Ke3 Bc2 60.Kd4 Bb3 61.Bf5 Bd1 62.Kd5 Ba4 63.Bd3 Be8 64.b5 Bh5
65.Kc6 Bf3+ 66.Kc7 Kxe6 67.Kb8 Kxe5 68.Kxa7 Kd4 69.Kxb6 Kxd3 70.Kc5 Ke4 71.a4 Ke5
72.a5 Ke6 73.Kb6 Be2 74.Kc6 Ke7 75.b6  1-0

[Event "Saint Louis Rapid 2017"]
[Site "Saint Louis USA"]
[Date "2017.08.15"]
[Round "4.2"]
[White "Nakamura,Hi"]
[Black "Caruana,F"]
[Result "1/2-1/2"]
[WhiteElo "2792"]
[BlackElo "2807"]

1.Nf3 d5 2.b3 c5 3.Bb2 f6 4.Nc3 Nc6 5.d4 cxd4 6.Nxd4 e5 7.Nxc6 bxc6 8.e4 Be6
9.Bd3 Bd6 10.Qh5+ g6 11.Qf3 d4 12.Na4 Kf7 13.c3 c5 14.Qe2 Ne7 15.O-O Rc8
16.Ba6 Rc7 17.Rac1 Nc6 18.Ba3 Qe7 19.Bc4 Nd8 20.Bb5 Nb7 21.Bc4 Rhc8 22.Rfd1 Kg7
23.Nb2 Rc6 24.Bb5 R6c7 25.Nc4 Bxc4 26.Bxc4 Nd8 27.Rc2 Ne6 28.Rdc1 h5 29.g3 Qd7
30.h4 Be7 31.Rd1 Bd6 32.Kg2 Qe7 33.Bc1 Rh8 34.Bd2 Rd7 35.Rdc1 Bc7 36.Qf3 Bb6
37.a4 Rhd8 38.Be1 a5 39.Bd2 Rd6 40.Re1 Qd7 41.Bc1 Qe7 42.Ba3 R6d7 43.Rec1 Rd6
44.Rd2 Qb7 45.Re1 R8d7 46.Rdd1 Rd8 47.Bc1 Qe7 48.Rh1 Qd7 49.Rhe1 Qe7 50.Ba3 Qb7
51.Rb1 Qc6 52.Rbc1 Qb7 53.cxd4 Nxd4 54.Qe3 f5 55.f3 Rf6 56.Bd5 Rxd5 57.exd5 Qxd5
58.Rc3 Re6 59.Bc1 e4 60.Qh6+ Kg8 61.fxe4 fxe4 62.Qe3 Bc7 63.Rc4 Bd6 64.Rd1 Rf6
65.Rcxd4 cxd4 66.Qxd4 Qf5 67.Qd5+ Qxd5 68.Rxd5 Bc7 69.Rc5 Bb6 70.Rc8+ Kf7
71.Bf4 Re6 72.Kf1 Kf6 73.Ke2 Kf5 74.Rc4 Kg4 75.b4 axb4 76.Rxb4 g5 77.Bxg5 Kxg3
78.Rb5 Bg1 79.Bd8 Rc6 80.Rg5+ Kh2 81.a5 Rc2+ 82.Kd1 Ra2 83.Bc7+ Kh1 84.Rxh5 e3
85.Re5 Kg2 86.Bb6 Kf3 87.Kc1 e2 88.Kb1 Rd2 89.Bxg1 Rd1+ 90.Kb2 e1=Q 91.Rxe1 Rxe1
92.Bb6  1/2-1/2

[Event "Saint Louis Rapid 2017"]
[Site "Saint Louis USA"]
[Date "2017.08.15"]
[Round "5.4"]
[White "Karjakin,Sergey"]
[Black "Nakamura,Hi"]
[Result "1/2-1/2"]
[WhiteElo "2773"]
[BlackElo "2792"]

1.g3 d5 2.Nf3 g6 3.Bg2 Bg7 4.O-O e5 5.d3 Nc6 6.Nc3 d4 7.Ne4 Nge7 8.c3 O-O
9.cxd4 exd4 10.Bd2 a5 11.Qc1 b6 12.Bg5 f6 13.Bh6 Be6 14.a3 a4 15.Bxg7 Kxg7
16.Qc2 Bb3 17.Qc1 Na5 18.h4 Bd5 19.Qc2 c5 20.e3 Nb3 21.Rad1 Nc6 22.Ned2 Qd7
23.e4 Be6 24.Rde1 Ne5 25.Nxe5 fxe5 26.f4 exf4 27.gxf4 Rae8 28.h5 c4 29.dxc4 d3
30.Qc3+ Qd4+ 31.Qxd4+ Nxd4 32.Kh2 Bg4 33.Re3 Be2 34.Rf2 Nb3 35.Nxb3 axb3
36.Bf1 Bxf1 37.Rxf1 d2 38.Rd1 Rxf4 39.Rxd2 Rh4+ 40.Rh3 Rexe4 41.hxg6 hxg6
42.Rxh4 Rxh4+ 43.Kg3 Rxc4 44.Rd3 Rc6  1/2-1/2

[Event "Saint Louis Rapid 2017"]
[Site "Saint Louis USA"]
[Date "2017.08.15"]
[Round "6.4"]
[White "Navara,D"]
[Black "Nakamura,Hi"]
[Result "0-1"]
[WhiteElo "2737"]
[BlackElo "2792"]

1.d4 Nf6 2.c4 g6 3.Nf3 Bg7 4.g3 O-O 5.Bg2 d6 6.Nc3 Nc6 7.O-O Bg4 8.d5 Na5
9.b3 c5 10.dxc6 bxc6 11.Bb2 Rb8 12.Qd2 Qc7 13.h3 Be6 14.Rab1 Bxc4 15.bxc4 Nxc4
16.Qc2 Rxb2 17.Rxb2 Nxb2 18.Nd2 Qa5 19.Nb3 Qa3 20.Nb1 Qxa2 21.Nc1 Qa1 22.Nb3 Qa4
23.Qxb2 Rb8 24.Nc5 Rxb2 25.Nxa4 Rc2 26.Nbc3 d5 27.Rb1 Ne8 28.Rb8 Kf8 29.Nc5 Bxc3
30.Nd7+ Kg7 31.Rxe8 Rxe2 32.Bf1 Re6 33.Nc5 Rf6 34.Nd7 Re6 35.Nc5 Re1 36.Nd3 Re6
37.Nc5 Rf6 38.Nd7 Rd6 39.Rxe7 a5 40.Nc5 Bd4 41.Nb7 Rf6 42.Re2 a4 43.Ra2 a3
44.Na5 Bb6 45.Nb3 c5 46.Bg2 c4 47.Nc1 Rf5 48.Kh2 Bc5 49.f4 g5 50.g4 Rxf4
51.Bxd5 Bd6 52.Kg2 Rd4 53.Bf3 c3 54.Ne2 Rd3 55.Rc2 Be5 56.Nc1 Rd6 57.Na2 Rd3
58.Be4 Rg3+ 59.Kf2 Rxh3 60.Bf3 h5 61.gxh5 g4 62.Bg2 Rxh5 63.Nxc3 Bd4+ 64.Ke2 Rc5
65.Kd3 Rxc3+ 66.Rxc3 Bxc3 67.Kxc3 Kf6 68.Kb3 Ke5 69.Kxa3 f5 70.Kb3 Kd4 71.Kc2 Ke3  0-1

[Event "Saint Louis Rapid 2017"]
[Site "Saint Louis USA"]
[Date "2017.08.16"]
[Round "7.3"]
[White "Nakamura,Hi"]
[Black "Dominguez Perez,L"]
[Result "1/2-1/2"]
[WhiteElo "2792"]
[BlackElo "2739"]

1.Nf3 d5 2.b3 Nf6 3.Bb2 e6 4.g3 Be7 5.Bg2 O-O 6.c4 c5 7.cxd5 Nxd5 8.O-O Nc6
9.d4 cxd4 10.Nxd4 Bd7 11.Na3 Rc8 12.Nc4 Nxd4 13.Qxd4 Bf6 14.Qxa7 Bxb2 15.Nxb2 Bb5
16.Nc4 Bxc4 17.bxc4 Rxc4 18.Qxb7 Nc3 19.e3 Qa5 20.Qb3 Qc7 21.Rfe1 Rb8 22.Qc2 Nd5
23.Qd1 Nc3 24.Qc2 Nd5 25.Qd1 Nc3 26.Qf3 Qa5 27.Rec1 Ra4 28.Bf1 Rxa2 29.Rxa2 Nxa2
30.Ra1 Qd2 31.Qf4 Rf8 32.Qc4 Nc3 33.e4 Qb2 34.Re1 Rd8 35.Qc7 Rf8 36.Re3 Na4
37.Rd3 g6 38.Qc6 Qb4 39.h4 Nc5 40.Re3 h5 41.Qd6 Rc8 42.Bg2 Qb8  1/2-1/2

[Event "Saint Louis Rapid 2017"]
[Site "Saint Louis USA"]
[Date "2017.08.16"]
[Round "8.2"]
[White "Aronian,L"]
[Black "Nakamura,Hi"]
[Result "1/2-1/2"]
[WhiteElo "2799"]
[BlackElo "2792"]

1.c4 Nf6 2.Nf3 e6 3.g3 d5 4.Bg2 d4 5.e3 c5 6.exd4 cxd4 7.O-O Nc6 8.d3 Be7
9.Re1 O-O 10.b3 Nd7 11.Ba3 Re8 12.Bxe7 Rxe7 13.a3 a5 14.Nbd2 Nc5 15.Ne4 Nxe4
16.Rxe4 e5 17.Re1 Bg4 18.h3 Bh5 19.Qd2 e4 20.Rxe4 Rxe4 21.dxe4 Bxf3 22.Bxf3 a4
23.Rb1 Ne5 24.Bg2 axb3 25.Rxb3 Nxc4 26.Qb4 Ne5 27.Qxb7 d3 28.Rb1 h5 29.Qd5 Qxd5
30.exd5 Rxa3 31.d6 d2 32.Kf1 Rd3 33.Ke2 Rxd6 34.Be4 Nd7 35.Bf5 d1=B+ 36.Rxd1 Rxd1  1/2-1/2

[Event "Saint Louis Rapid 2017"]
[Site "Saint Louis USA"]
[Date "2017.08.16"]
[Round "9.2"]
[White "Nakamura,Hi"]
[Black "Nepomniachtchi,I"]
[Result "1-0"]
[WhiteElo "2792"]
[BlackElo "2751"]

1.e4 c5 2.Nf3 d6 3.d4 cxd4 4.Nxd4 Nf6 5.Nc3 a6 6.Be2 e5 7.Nb3 Be7 8.Be3 Be6
9.Bf3 O-O 10.O-O Nbd7 11.a4 Rc8 12.a5 Re8 13.Qd2 Rc4 14.Rfd1 Bf8 15.Qd3 Rb4
16.Qd2 Rc4 17.Qe1 Qc7 18.Be2 Rc6 19.f3 Rc8 20.Bf1 Bc4 21.Bxc4 Rxc4 22.Nc1 d5
23.exd5 Bb4 24.N1e2 Bxa5 25.Qf2 Bb4 26.Kh1 Bf8 27.Ng3 b5 28.Rxa6 b4 29.Nce4 Rxc2
30.Qf1 Rxb2 31.Rc6 Qb7 32.Qc4 Nxd5 33.Rxc8 Nxe3 34.Nd6 Nxc4 35.Nxb7 Ne3 36.Rg1 f5
37.h4 g6 38.Rd8 Nf6 39.Nc5 Kf7 40.Nd3 Be7 41.Ra8 Rd2 42.Nxe5+ Ke6 43.f4 b3
44.Nf3 Nfg4 45.Ne4 Rb2 46.Ned2 Bb4 47.Rb1 Rxb1+ 48.Nxb1 Nf1 49.g3 Kd5 50.Rd8+ Kc5
51.Rc8+ Kd5 52.Rd8+ Ke4 53.Nfd2+ Nxd2 54.Nxd2+ Bxd2 55.Rxd2 Kf3 56.Rd3+ Kf2
57.Rxb3 h5 58.Rb6 Kxg3 59.Rxg6 Kxf4 60.Kg2 Ne5 61.Rg3 Ng4 62.Rf3+ Ke5 63.Ra3 Ke4
64.Ra4+ Ke3 65.Ra5 Ke4 66.Ra8 Kf4 67.Rh8 Nf6 68.Rh6 Ke5 69.Kf3 f4 70.Rh8 Kf5
71.Rf8 Ke5 72.Ra8 Nd5 73.Rg8 Nf6 74.Rg5+ Ke6 75.Kxf4 Nd5+ 76.Kf3 Nf6 77.Ra5 Nd5
78.Ke4 Nf6+ 79.Kf4 Kf7 80.Kf5 Ng4 81.Ra7+ Kg8 82.Kg6 Ne5+ 83.Kxh5 Nf7 84.Kg6 Ne5+
85.Kf5 Nf7 86.Kf6 Nd6 87.Kg6 Kf8 88.Ra8+ Ke7 89.h5  1-0

[Event "Saint Louis Blitz 2017"]
[Site "Saint Louis USA"]
[Date "2017.08.17"]
[Round "1.3"]
[White "Nakamura,Hi"]
[Black "Aronian,L"]
[Result "1/2-1/2"]
[WhiteElo "2792"]
[BlackElo "2799"]

1.d4 Nf6 2.c4 e6 3.Nc3 Bb4 4.Qc2 O-O 5.Nf3 d5 6.cxd5 exd5 7.Bf4 Nbd7 8.e3 Re8
9.Bd3 c5 10.a3 Bxc3+ 11.Qxc3 c4 12.Bc2 Ne4 13.Bxe4 dxe4 14.Nd2 b5 15.a4 Ba6
16.axb5 Bxb5 17.O-O Nb6 18.Qa5 a6 19.Rfc1 Nd5 20.Qxd8 Raxd8 21.Bg3 Rc8 22.Bd6 c3
23.bxc3 Nxc3 24.Kh1 f5 25.h3 Rc6 26.Bc5 Nd5 27.Nc4 Bxc4 28.Rxc4 f4 29.exf4 Nxf4
30.Rca4 Nd3 31.Kg1 Nxc5 32.dxc5 Rxc5 33.Rxa6 Rce5 34.Re1 e3 35.f3 h6 36.h4 Kh7
37.Ra3 R8e7 38.g3 g5 39.h5 R5e6 40.Kg2 Kg7 41.Re2 Re5 42.Kh3 R5e6 43.Kg4 Kf6
44.Rb3 Re8 45.Rb7 R8e7 46.Rb5 Re5 47.Rb3 R5e6 48.Ra3 Re8 49.Ra7 R8e7 50.Rxe7 Rxe7
51.f4 gxf4 52.Kxf4 Re5 53.g4 Re8 54.Rxe3 Rxe3 55.Kxe3 Ke5 56.Kf3 Ke6 57.Ke4 Kf6
58.Kf4 Ke6 59.g5 hxg5+ 60.Kxg5 Kf7 61.h6 Kg8 62.Kg6 Kh8 63.h7  1/2-1/2

[Event "Saint Louis Blitz 2017"]
[Site "Saint Louis USA"]
[Date "2017.08.17"]
[Round "2.4"]
[White "Nakamura,Hi"]
[Black "Le Quang Liem"]
[Result "1/2-1/2"]
[WhiteElo "2792"]
[BlackElo "2739"]

1.b3 d5 2.Nf3 Nf6 3.Bb2 g6 4.Bxf6 exf6 5.e3 Bg7 6.d4 O-O 7.g3 Be6 8.Bg2 Nd7
9.O-O f5 10.Nc3 Qe7 11.Ne2 Nf6 12.Rc1 Rfd8 13.c4 Rac8 14.Nf4 c5 15.Qe2 dxc4
16.Nxe6 Qxe6 17.Rxc4 Ne4 18.dxc5 Nxc5 19.Ng5 Qe7 20.Rfc1 b5 21.R4c2 b4 22.Nh3 Bc3
23.Nf4 Ne4 24.Qa6 Nc5 25.Qb5 Qe5 26.Ne2 Nd3 27.Qxe5 Nxe5 28.Nxc3 Rxc3 29.Rxc3 bxc3
30.Bf1 Rd2 31.Rxc3 Nf3+ 32.Kg2 Ne1+ 33.Kg1 Nf3+ 34.Kg2 Ne1+ 35.Kg1 Rxa2 36.h3 Nf3+
37.Kg2 Nd2 38.Bd3 Ra3 39.Rc2 Ne4 40.Bxe4 fxe4 41.Rc7 Rxb3 42.Rxa7 h5 43.g4 hxg4
44.hxg4 f5 45.gxf5 gxf5 46.Kg3 Rb5 47.Rc7 Kf8 48.Rc2 Ke7 49.Kf4 Ke6 50.Rc6+ Ke7
51.Rc2 Ke6 52.Ra2 Rc5 53.Kg5 Rb5 54.Rc2 Ra5 55.Rb2 Rc5 56.Rb6+ Ke7 57.Rb2 Ke6
58.Kg6 Ra5 59.Rb6+ Ke7 60.Rf6 Ra2 61.Rxf5 Ke6 62.Rf4 Ke5 63.Kg5 Ra1 64.Rf5+ Ke6
65.Kf4 Ra2 66.Kg5 Ra1 67.Kg4 Ra2 68.Rf4 Ke5 69.Rf8 Rb2 70.Re8+ Kd6 71.Rxe4 Rxf2
72.Kg5 Kd7 73.Rf4 Re2 74.Re4 Rf2 75.Re5 Kd6 76.Re8 Kd7 77.Re4 Rf1 78.Re5 Rf2
79.e4 Rf1 80.Rf5 Re1 81.Re5 Rf1 82.Kg6 Rf4 83.Kg5 Rf1 84.Ra5 Ke6 85.Ra2 Ke5
86.Ra5+ Kxe4 87.Ra4+ Ke5 88.Ra5+  1/2-1/2

[Event "Saint Louis Blitz 2017"]
[Site "Saint Louis USA"]
[Date "2017.08.17"]
[Round "3.2"]
[White "Anand,V"]
[Black "Nakamura,Hi"]
[Result "1/2-1/2"]
[WhiteElo "2783"]
[BlackElo "2792"]

1.e4 e5 2.Nf3 Nc6 3.Bb5 Nf6 4.d3 Bc5 5.Bxc6 dxc6 6.O-O Qe7 7.Nbd2 Bg4 8.h3 Bh5
9.a3 a5 10.Nc4 Nd7 11.g4 Bg6 12.b4 axb4 13.Bg5 f6 14.axb4 Rxa1 15.Qxa1 Bd6
16.Qa8+ Qd8 17.Qxd8+ Kxd8 18.Ra1 Ke7 19.Bd2 Bf7 20.Ne3 g6 21.g5 fxg5 22.Nxg5 b6
23.Kg2 Be6 24.h4 Nf6 25.Bc3 Rf8 26.Nf3 Nd7 27.Ng5 Nf6 28.Nf3 Nd7 29.Ng5 Nf6
30.Nf3 Nd7  1/2-1/2

[Event "Saint Louis Blitz 2017"]
[Site "Saint Louis USA"]
[Date "2017.08.17"]
[Round "4.4"]
[White "Nakamura,Hi"]
[Black "Kasparov,G"]
[Result "1/2-1/2"]
[WhiteElo "2792"]
[BlackElo "2812"]

1.c4 c5 2.g3 g6 3.Bg2 Bg7 4.e3 h5 5.d4 h4 6.Nc3 Nc6 7.d5 Bxc3+ 8.bxc3 Ne5
9.Nf3 Nxf3+ 10.Bxf3 d6 11.g4 h3 12.g5 Qa5 13.Bd2 Rh4 14.e4 e5 15.Rg1 Ne7
16.Qb3 Qc7 17.Qc2 Bd7 18.Be2 Nc8 19.a4 a5 20.f3 Nb6 21.Kf2 O-O-O 22.Qb3 Kb8
23.Rg3 Rdh8 24.Kg1 Ka7 25.Kh1 Be8 26.Rgg1 Bd7 27.Rab1 Be8 28.Rb2 Nd7 29.Rgb1 b6
30.Rg1 Qd8 31.Rbb1 Rf4 32.Qc2 Rhh4 33.Be1 f6 34.Bxh4 Rxh4 35.gxf6 Qxf6 36.Qd2 Qf4
37.Qxf4 exf4 38.Rb2 Kb7 39.Rgb1 Kc7 40.Kg1 Rh5 41.Kf2 Rg5 42.Bf1 Rh5 43.Ke1 Rh4
44.Kd1 Rh5 45.Kd2 Rh4 46.Ke2 Rh5 47.Kf2 Rh4 48.Be2 Rh5 49.Rg1 Ne5 50.Ra2 Bd7
51.Raa1 Be8 52.Ke1 Bd7 53.Kd2 Be8 54.Kc2 Bd7 55.Kb3 Kd8 56.Kb2 Kc7 57.Kb3 Kd8
58.Raf1 Kc7 59.Rg4 Bxg4 60.fxg4 Rh7 61.Rxf4 Rf7 62.Rxf7+ Nxf7 63.Kc2 Kd7
64.Bf1 Ng5 65.Kd3 Ke7 66.Ke3 Kf6 67.Kf4 Nf7 68.Bxh3 g5+ 69.Kg3 Ne5 70.Bf1 Ng6
71.Be2  1/2-1/2

[Event "Saint Louis Blitz 2017"]
[Site "Saint Louis USA"]
[Date "2017.08.17"]
[Round "5.1"]
[White "Dominguez Perez,L"]
[Black "Nakamura,Hi"]
[Result "0-1"]
[WhiteElo "2739"]
[BlackElo "2792"]

1.e4 e5 2.Nf3 Nc6 3.Bb5 Nf6 4.O-O Nxe4 5.Re1 Nd6 6.Nxe5 Be7 7.Bd3 Nxe5 8.Rxe5 O-O
9.Nc3 Bf6 10.Re1 c6 11.b3 Ne8 12.Ba3 d6 13.Qf3 Be6 14.Rad1 Qa5 15.Qe4 g6
16.Bb4 Qc7 17.Qf3 a5 18.Ba3 Rd8 19.Ne4 Bg7 20.c4 h6 21.Bf1 Qd7 22.h3 b5 23.d4 b4
24.Bc1 f5 25.Ng3 Bf7 26.h4 Nf6 27.h5 d5 28.hxg6 Bxg6 29.Bf4 Qf7 30.Be5 Ne4
31.Bxg7 Kxg7 32.Qf4 Qf6 33.f3 Nxg3 34.Qxg3 f4 35.Qf2 Rfe8 36.cxd5 Rxe1 37.Rxe1 Rxd5
38.Bc4 Rxd4 39.Qe2 Rd8 40.Qe5 Qxe5 41.Rxe5 Ra8 42.Re7+ Kf6 43.Re6+ Kg5 44.Rxc6 Bb1
45.Rc5+ Kf6 46.Rc6+ Ke5 47.Re6+ Kd4 48.Re1 Bc2 49.Kf2 a4 50.Re7 axb3 51.axb3 Ra3
52.Rb7 Kc3 53.g3 fxg3+ 54.Kxg3 Bxb3 55.Bxb3 Rxb3 56.f4 Rb1 57.f5 Rf1 58.Kg4 b3
59.Rc7+ Kb2 60.Rc6 h5+ 61.Kg5 h4 62.f6 h3  0-1

[Event "Saint Louis Blitz 2017"]
[Site "Saint Louis USA"]
[Date "2017.08.17"]
[Round "6.4"]
[White "Nakamura,Hi"]
[Black "Navara,D"]
[Result "1-0"]
[WhiteElo "2792"]
[BlackElo "2737"]

1.b3 d5 2.Bb2 Bg4 3.g3 c6 4.Bg2 Nd7 5.Nf3 Ngf6 6.O-O Bxf3 7.exf3 e6 8.f4 g6
9.d3 Bg7 10.Nd2 O-O 11.Nf3 a5 12.a3 Qc7 13.Ne5 Ne8 14.Re1 Nd6 15.c4 Rfd8
16.cxd5 cxd5 17.d4 a4 18.Rc1 Qb6 19.b4 Nxe5 20.dxe5 Nc4 21.Bd4 Qc7 22.Rc3 b5
23.g4 Rac8 24.Bf1 Qd7 25.Rg3 Bh6 26.f5 exf5 27.gxf5 Qxf5 28.Bh3 Qf4 29.e6 f5
30.e7 Re8 31.Bg2 Qd6 32.Bc5 Rxc5 33.bxc5 Qf6 34.Bxd5+ Kg7 35.Bxc4 f4 36.Re6 Qb2
37.Rd3 bxc4 38.Rd8 c3 39.Qd4+  1-0

[Event "Saint Louis Blitz 2017"]
[Site "Saint Louis USA"]
[Date "2017.08.17"]
[Round "7.3"]
[White "Karjakin,Sergey"]
[Black "Nakamura,Hi"]
[Result "1-0"]
[WhiteElo "2773"]
[BlackElo "2792"]

1.e4 e5 2.Nf3 Nc6 3.Bb5 Nf6 4.O-O Nxe4 5.Re1 Nd6 6.Nxe5 Be7 7.Bf1 Nf5 8.Nf3 O-O
9.d4 d5 10.c3 Bd6 11.b3 Re8 12.Rxe8+ Qxe8 13.Na3 a6 14.Nc2 Bd7 15.c4 dxc4
16.bxc4 Rd8 17.Bb2 Bc8 18.Qd2 Qf8 19.Rd1 b6 20.Bd3 Nce7 21.Ng5 Ng6 22.g3 Be7
23.Ne4 Nd6 24.Qe2 Bb7 25.Nxd6 Bxd6 26.Ne3 Re8 27.Qc2 Bf3 28.Rc1 Ba3 29.c5 Bxb2
30.Qxb2 bxc5 31.Rxc5 Qd6 32.Qc3 h6 33.Rxc7 Rd8 34.Rc8 Ne7 35.Rxd8+ Qxd8 36.Bxa6 Nc6
37.d5 Ne7 38.Bc4 Qd6 39.Qd4 Bh5 40.Kg2 Bg6 41.Bd3 f5 42.Nc4 Qxd5+ 43.Qxd5+ Nxd5
44.Ne5 Kh7 45.a4 Nb4 46.a5 Be8 47.Bxf5+ g6 48.Bd7 Bxd7 49.Nxd7 Na6 50.Kf3 Kg7
51.Ke4 Kf7 52.Kd5 Ke7 53.Ne5 Kf6 54.Nd3 Ke7 55.Kc6 Kd8 56.Kb7  1-0

[Event "Saint Louis Blitz 2017"]
[Site "Saint Louis USA"]
[Date "2017.08.17"]
[Round "8.2"]
[White "Nakamura,Hi"]
[Black "Nepomniachtchi,I"]
[Result "1/2-1/2"]
[WhiteElo "2792"]
[BlackElo "2751"]

1.Nf3 Nf6 2.b3 b6 3.Bb2 Bb7 4.e3 e6 5.d4 d5 6.c4 Nbd7 7.Nbd2 Bd6 8.Bd3 Ne4
9.Rc1 O-O 10.O-O Qe7 11.Ne5 Nxd2 12.Qxd2 Nxe5 13.dxe5 Bb4 14.Qc2 h6 15.cxd5 Bxd5
16.e4 Bb7 17.Qxc7 Rfd8 18.Qxe7 Bxe7 19.Rcd1 Rd7 20.Bb5 Rxd1 21.Rxd1 Bxe4
22.Rd7 Rd8 23.Rxd8+ Bxd8 24.Kf1 Be7 25.f3 Bd5 26.Bd4 g6 27.Ke2 h5 28.Bd3 Kf8
29.Bb5 Kg8 30.Bd3 Kf8 31.Bb5  1/2-1/2

[Event "Saint Louis Blitz 2017"]
[Site "Saint Louis USA"]
[Date "2017.08.17"]
[Round "9.4"]
[White "Caruana,F"]
[Black "Nakamura,Hi"]
[Result "0-1"]
[WhiteElo "2807"]
[BlackElo "2792"]

1.e4 e5 2.Nf3 Nc6 3.Bb5 Nf6 4.d3 Bc5 5.c3 O-O 6.O-O Re8 7.Nbd2 a6 8.Bxc6 dxc6
9.Nc4 Bg4 10.h3 Bh5 11.Bg5 b5 12.Na5 Qd7 13.Bxf6 gxf6 14.Nb3 Bb6 15.c4 c5
16.g4 Bg6 17.Qe2 Rad8 18.Rad1 Re6 19.Nc1 bxc4 20.dxc4 Rd6 21.Rxd6 Qxd6 22.Qe3 Ba5
23.Nb3 Bb6 24.Nfd2 a5 25.a4 Qc6 26.Ra1 Rd6 27.f3 Qd7 28.Qe2 Rd3 29.Kf2 h5
30.Ra3 hxg4 31.hxg4 Kf8 32.Ke1 Rd6 33.Nc1 Ke7 34.Kd1 Qd8 35.Kc2 Qh8 36.Rd3 Rd4
37.Ncb3 Rxd3 38.Qxd3 Qe8 39.Nb1 Qxa4 40.Nc3 Qc6 41.Nd2 a4 42.Qd5 Qe8 43.Qb7 Kf8
44.Nd5 a3 45.b3 Qd8 46.Qa6 Kg7 47.Qxa3 Qh8 48.Qa6 Qd8 49.Nb1 Qb8 50.Kb2 Qd8
51.Kc2 Qb8 52.Nd2 Qd8 53.Qb7 Ba5 54.Qc6 Bb6 55.Nf1 Ba5 56.Qxc5 Be1 57.Qc6 Bh4
58.Nd2 Bg5 59.Nb1 Qh8 60.Qxc7 Qh2+ 61.Kc3 Qg1 62.Na3 Qe1+ 63.Kb2 Bc1+ 64.Kb1 Bxa3+
65.Kc2 Qe2+ 66.Kc3 Qxf3+  0-1

[Event "Saint Louis Blitz 2017"]
[Site "Saint Louis USA"]
[Date "2017.08.18"]
[Round "10.3"]
[White "Aronian,L"]
[Black "Nakamura,Hi"]
[Result "1/2-1/2"]
[WhiteElo "2799"]
[BlackElo "2792"]

1.Nf3 d5 2.g3 g6 3.Bg2 Bg7 4.d4 Nd7 5.O-O Ngf6 6.a4 a5 7.Re1 O-O 8.Nc3 c5
9.Nb5 b6 10.Bf4 Bb7 11.c3 Rc8 12.Na7 Ra8 13.Nb5 Rc8 14.Na7 Ra8 15.Nb5 Rc8  1/2-1/2

[Event "Saint Louis Blitz 2017"]
[Site "Saint Louis USA"]
[Date "2017.08.18"]
[Round "12.2"]
[White "Nakamura,Hi"]
[Black "Anand,V"]
[Result "1-0"]
[WhiteElo "2792"]
[BlackElo "2783"]

1.Nf3 d5 2.b3 Bg4 3.Bb2 Bxf3 4.exf3 Nd7 5.f4 e6 6.g3 Ngf6 7.Bg2 Be7 8.O-O c5
9.c4 O-O 10.d3 Rb8 11.Nd2 b5 12.Qc2 a6 13.Nf3 bxc4 14.bxc4 d4 15.Bc1 Bd6
16.Bd2 g6 17.Qa4 Qb6 18.Ba5 Qa7 19.Rfe1 Bc7 20.Bd2 Rb2 21.Bc1 Rb4 22.Qc2 Rfb8
23.Ba3 R4b6 24.Qa4 Bd6 25.h3 Qc7 26.Rac1 Kg7 27.Qc2 Ng8 28.Ng5 h6 29.Ne4 Ne7
30.h4 h5 31.Ng5 Nf8 32.Qa4 Nc6 33.Ne4 Nd7 34.Ng5 Nf8 35.Rcd1 Nb4 36.Bxb4 cxb4
37.Qc2 Be7 38.Qb2 Bf6 39.Ne4 Nd7 40.c5 Nxc5 41.Nxf6 Kxf6 42.Qxd4+ Ke7 43.Rc1 Rb5
44.f5 gxf5 45.Qg7 Qd8 46.Qg5+ Kf8 47.Qxh5 Qf6 48.Bf1 Na4 49.d4 Rd5 50.Rc7 Rxd4
51.Rxf7+ Qxf7 52.Qh8+  1-0

[Event "Saint Louis Blitz 2017"]
[Site "Saint Louis USA"]
[Date "2017.08.18"]
[Round "14.1"]
[White "Nakamura,Hi"]
[Black "Dominguez Perez,L"]
[Result "0-1"]
[WhiteElo "2792"]
[BlackElo "2739"]

1.c4 e6 2.g3 Nf6 3.Bg2 d5 4.Nf3 Be7 5.d4 O-O 6.Qc2 c5 7.O-O Nc6 8.dxc5 d4
9.Rd1 e5 10.Bg5 Nd7 11.Bxe7 Qxe7 12.a3 a5 13.Nbd2 Nxc5 14.Ne1 Bg4 15.Bf3 d3
16.exd3 Nd4 17.Qb1 Nxf3+ 18.Ndxf3 Nb3 19.Ra2 Rad8 20.a4 Qf6 21.Ra3 Nd4 22.Nxd4 Bxd1
23.Qxd1 Rxd4 24.Qe2 e4 25.dxe4 Qc6 26.e5 Rxc4 27.Re3 Rxa4 28.e6 fxe6 29.Rxe6 Qc4
30.Nd3 Qd5 31.Re7 Rd4 32.Ne1 Rd2 33.Qg4 Qd4 34.Qxd4 Rxd4 35.Rxb7 Rd1 36.Re7 Rd2
37.Ra7 Rdxf2 38.Nd3 Rd2 39.Nc5 Re8 40.Kf1 Rxb2 41.Rxa5 Rxh2 42.Nd3 Rb8 43.Nf2 Rb1+  0-1